000 00438cam a2200157ua 4500
003 OSt
008 250820b |||||||| |||| 00| 0 eng d
041 _aeng
082 _a627.5
_bSHA/TE
100 _aSharma, R K.
245 _aTextbook of water power engineering (Including dams engineering and fluid power engineering /
260 _aNew Delhi :
_bS.Chand and Co ,
_c2003.
300 _a ; .
700 1 _aSharma, T K.
942 _cBK
999 _c12943
_d12943